Season of NCIS by Episode Quiz Stats

 Plays Quiz not verified by Sporcle

Score 0/14 Timer 08:00
0 Plays Today
% Correct
Season 1
78.6%
Season 2
72.8%
Season 3
72.3%
Season 7
54.9%
Season 8
54.9%
Season 10
53.8%
Season 4
49.7%
% Correct
Season 5
48.6%
Season 11
46.8%
Season 6
45.1%
Season 9
43.4%
Season 13
38.2%
Season 12
36.4%
Season 14
35.8%

You're not logged in!

Compare scores with friends on all Sporcle quizzes.
OR
Log In

Show Comments

Extras

Top Quizzes Today


Score Distribution

Your Account Isn't Verified!

In order to create a playlist on Sporcle, you need to verify the email address you used during registration. Go to your Sporcle Settings to finish the process.

Report this User

Report this user for behavior that violates our Community Guidelines.

Details: